| 000 | 00593nam a22001817a 4500 | ||
|---|---|---|---|
| 999 |
_c21098 _d21098 |
||
| 003 | AR-CdUCM | ||
| 008 | 190606b ||||| |||| 00| 0 spa d | ||
| 040 |
_aMUNICIPALIDAD PROVINCIAL DEL CUSCO _cBIBLIOTECA MUNICIPAL DEL CUSCO |
||
| 082 |
_a869.26 / _bAR72 |
||
| 100 |
_aAristeguieta, Jean _943503 |
||
| 245 | _aÁrbol de fuego / | ||
| 260 |
_aVenezuela : _bGustavo Gili, _c1971. |
||
| 300 |
_a31 páginas ; _c22 cm. |
||
| 505 | _aContenido : Conflagraciones del tiempo y de la sangre -- Árbol perenne de la poesía... | ||
| 650 |
_aPoesías _943970 |
||
| 942 |
_2ddc _cLIBROS |
||
| 945 | _arcc | ||